Qui sont ces célébrités ? - Statistiques

Statistiques générales
  • Ce quiz a été pris 465 fois
  • Le résultat moyen est 7 sur 16
Statistiques - réponses
Par images Réponse % Correct
Elvis Presley
92%
Gandhi
90%
Martin Luther King
89%
Angela Merkel
85%
Dalida
64%
Hillary Clinton
44%
Kamala Harris
44%
Malcolm X
39%
Xi Jinping
33%
Francoise Hardy
28%
Julio Iglesias
22%
Malala Yousafzai
17%
Francois Rabelais
7%
Guillaume Apollinaire
4%
Marivaux
4%
Abbé Prévost
3%
Aucun quiz correspondant
Distribution des résultats
% des personnes avec chaque résultat
Percentile par nombre de réponses
Votre historique - résultats
Vous n’avez pas pris ce quiz